000 01186nam a22003014a 4500
001 ebr10173505
003 CaPaEBR
006 m u
007 cr cn|||||||||
008 020116s2002 enka sb 000 0 eng
010 _z 2002000680
020 _z0851995950 (alk. paper)
040 _aCaPaEBR
_cCaPaEBR
035 _a(OCoLC)55630113
050 1 4 _aSF376
_b.S555 2002eb
245 0 0 _aSheep nutrition
_h[electronic resource] /
_cedited by M. Freer and H. Dove.
260 _aWallingford, Oxon, UK ;
_aNew York, NY, USA :
_bCABI Pub. in association with CSIRO Pub.,
_cc2002.
300 _ax, 385 p. :
_bill.
504 _aIncludes bibliographical references.
533 _aElectronic reproduction.
_bPalo Alto, Calif. :
_cebrary,
_d2013.
_nAvailable via World Wide Web.
_nAccess may be limited to ebrary affiliated libraries.
650 0 _aSheep
_xFeeding and feeds.
650 0 _aSheep
_xNutrition.
655 7 _aElectronic books.
_2local
700 1 _aFreer, M.
_q(Mike)
700 1 _aDove, H.
_q(Hugh)
710 2 _aebrary, Inc.
856 4 0 _uhttp://site.ebrary.com/lib/rucke/Doc?id=10173505
_zAn electronic book accessible through the World Wide Web; click to view
999 _c137990
_d137990